| 000 | 00440nam a2200157Ia 4500 | ||
|---|---|---|---|
| 008 | 230718s9999 xx 000 0 und d | ||
| 041 | _aeng | ||
| 082 |
_a574.2 _bSET |
||
| 100 |
_aSetubal J _9148290 |
||
| 245 | _aIntroducation To Computational Moleculary | ||
| 260 |
_c1997 _bThomson Publication |
||
| 300 | _a296 | ||
| 365 |
_cRs. _b457.00 |
||
| 700 |
_aSetubal J & Merdans J _9188515 |
||
| 906 |
_dB:5338/07.200402-Sep-2005 _cMATHS _b91.4 |
||
| 999 |
_c308201 _d308201 |
||